| 000 | 00698cab a2200229 4500 | ||
|---|---|---|---|
| 001 | WB3316-32 | ||
| 008 | 090401t1997 xxu||||| |||| 00| 0 eng d | ||
| 035 | _a(Sirsi) u77890 | ||
| 041 | _aeng | ||
| 245 | _aGovernment support industrial parks | ||
| 260 | _c1997 | ||
| 350 | _a0 | ||
| 490 |
_aEstates News _vApril 1997,13(1) |
||
| 520 | _aA programme has been launched by the Hungarian Government to support the development of industrial parks, as there is a lack of modern industrial space. | ||
| 650 | _aBUDAPEST | ||
| 650 | _aPROPERTY-COMMERCIAL PROPERTY | ||
| 650 | _aHUNGARY | ||
| 650 | _aINDUSTRIAL DEVELOPMENT | ||
| 690 | _aOVERSEAS-EUROPE | ||
| 942 | _n0 | ||
| 948 | _c23/04/1997 | ||
| 999 |
_c48976 _d48976 |
||